000 00951nam a2200205Ii 4500
003 JO-AjNU
008 230605s9999||||xx |||||||||||||| ||und||
040 _aJO-AjNU
_bara
_erda
_cJO-AjNU
041 _aara
050 1 4 _aBF697.D8512.2006
100 3 _aDweck,Carol.S ، أبو هلال،ماهر محمد ، العمادي،عبد القادر عبد الله ، رداوي،علي الهاشمي/ترجمة ناصر،انتصار حمدان، الراميني،فواز فتح الله/مراجعة,
_eauthor
_922796
245 0 0 _aنظريات الذات ودورها في الدافعية والشخصية والنمو
250 _aط1
264 3 1 _aالعين-غزة:دار الكتاب الجامعي ،2006
300 _a302ص
336 _atext
_btxt
_2rdacontent
337 _aunmediated
_bn
_2rdamedia
338 _avolume
_bnc
_2rdacarrier
650 4 _aشخصية-سيكولوجية-مفهوم الذات-دوافع-علم نفس
_922797
999 _aA8147
_c11715
_d11715